O direito civil nos tribunais anais do v congresso mineiro de direito civil /

Bibliographic Details
Main Author: Alves Lara, Mariana
Other Authors: de Mello Vieira, Marcelo
Format: eBook
Language:Portuguese
Published: Belo Horizonte: Initia Via Editora, 2020
Subjects:
Online Access:Acceso restringido

MARC

LEADER 00000nam a22000007a 4500
005 20210423221318.0
007 cr|||| ||||
008 210423s2020 br |||||s|||| 00||0 por d
020 |a 978-65-86834-08-6 
035 |a 33134 
040 |a vLex 
090 |c 11517  |d 11517 
100 1 |a Alves Lara, Mariana 
245 1 1 |a O direito civil nos tribunais  |h [Recurso electrn̤ico] :  |b anais do v congresso mineiro de direito civil /  |c Mariana Alves Lara, Marcelo de Mello Vieira 
256 |a Servicio en ln̕ea 
260 |a Belo Horizonte:  |b Initia Via Editora,  |c 2020 
300 |a 1 recurso electrn̤ico 
506 1 |a Disponible solo en los productos indicados  |d vLex Global  |d vLex Global (Academic Edition, excluding Law Schools)  |d vLex Global (U.S. Academic Edition, Law Schools)  |d vLex Global (U.S. Academic Edition, excluding Law Schools)  |d vLex Global (Academic Edition, Law Schools) 
650 0 4 |a Derecho Civil  |z Brasil 
700 1 |a de Mello Vieira, Marcelo 
740 0 |a vLex Libros (Servicio en ln̕ea) 
856 4 0 |u https://vlex.com/source/o-direito-civil-nos-tribunais-anais-do-v-congresso-mineiro-de-direito-civil-33134  |z Acceso restringido 
942 |c BOOK 
999 0 |a Civil Law